Tú y el mundo físico (Record no. 86382)

MARC details
000 -LEADER
campo de control de longitud fija 00701nam a2200193 i 4500
001 - NÚMERO DE CONTROL
campo de control 86382
003 - IDENTIFICADOR DE NÚMERO DE CONTROL
campo de control ES-MaACL
005 - FECHA Y HORA DE LA ÚLTIMA TRANSACCIÓN
campo de control 20230906175432.0
007 - CAMPO FIJO DE DESCRIPCIÓN FÍSICA--INFORMACIÓN GENERAL
campo de control de longitud fija t|
008 - DATOS DE LONGITUD FIJA--INFORMACIÓN GENERAL
campo de control de longitud fija 041209s1943 sp ||||1| spa d
100 1# - ENTRADA PRINCIPAL--NOMBRE DE PERSONA
Nombre de persona Karlson, Paul.
9 (RLIN) 67566
245 10 - MENCIÓN DEL TÍTULO
Título Tú y el mundo físico
Resto del título : una Física moderna al alcance de todos /
Mención de responsabilidad, etc. Paul Karlson ; versión española de José R. Barceló ; con 165 dibujos de Guillermo Petersen y 9 láminas.
250 ## - MENCION DE EDICION
Mención de edición 2ª ed. corr. y aum.
260 ## - PUBLICACIÓN, DISTRIBUCIÓN, ETC.
Lugar de publicación, distribución, etc. Barcelona :
Nombre del editor, distribuidor, etc. Labor,
Fecha de publicación, distribución, etc. [1943] (
Fabricante Gráf. Iberoamericanas)
300 ## - DESCRIPCIÓN FÍSICA
Extensión XI, 355 p. ;
Dimensiones 23 cm.
700 1# - ENTRADA AGREGADA--NOMBRE PERSONAL
Nombre de persona Barceló, José R.
9 (RLIN) 25506
700 1# - ENTRADA AGREGADA--NOMBRE PERSONAL
Nombre de persona Petersen, Guillermo.
9 (RLIN) 91480
852 ## - LOCALIZACIÓN
Ubicación ES-MaACL
Número de control de estantería F-5489
Sublocalización o colección R.20403
Holdings
Estatus retirado Estado de pérdida Estado de daño No para préstamo Biblioteca de origen Biblioteca actual Ubicación en estantería Fecha de adquisición Fuente de adquisición Total de préstamos Signatura topográfica completa Código de barras Visto por última vez Precio de reemplazo Tipo de ítem Koha
        Biblioteca del Ateneo de Madrid Biblioteca del Ateneo de Madrid Depósito 2 17/01/2008     F-5489 1090252 23/02/2023 23/02/2023 Libro impreso